000 00566nam a2200193Ia 4500
005 20250326144958.0
008 250326s9999 xx 000 0 und d
020 _a0-471-29679-1
037 _aTextbook
040 _aFMSL
_beng
_cFMSL
041 _aeng
_2eng
084 _aX8(NAP344):51 P0
_qFMSL
100 _aShaw Margaret
_9689388
245 0 _aHospitality sales: Marketing approach
_cShaw Margaret; Morris Susan V
260 _aNY
_bNY, John Wiley
_c2000
300 _ax,341
942 _cTB
_hX8(NAP344):51 P0
999 _c1305893
_d1305893